000
00252nam a2200085Ia 4500
245
0
_a
If I only knew then : learning from our mistakes
100
_a
Grodin, Charles London, 2009
_9
96095
942
_c
BK
008
210817s9999 xx 000 0 und d
999
_c
402426
_d
402425